00730cam a22002293a 45000010005000000030006000050050017000110080041000280400015000690420007000840500009000911000050001002450116001502600029002665060030002955160020003256530025003456530013003706530048003838300028004318560041004597295PGUSA20140828083143.0050101s2005||||xxu|||||s|||||000 | eng d aPGUSAbeng adc 4aE3001 aHaviland, Laura S.q(Laura Smith),d1808-189812aA Woman's Life-Work — Labors and Experiences of Laura S. Havilandh[electronic resource] /cLaura S. Haviland bProject Gutenberg,c2005 aPublic domain in the USA. aElectronic text aUnderground Railroad aFreedmen aHaviland, Laura S. (Laura Smith), 1808-1898 0aProject Gutenbergv729540uhttp://www.gutenberg.org/ebooks/7295